Čas nového chleba

Bibliographic Details
Main Author: Majling, Vojtech, 1938-2021 (Author)
Format: Article
Language:Slovak
PhysicalDescription:Obr. 4.
Subjects:

MARC

LEADER 00000nab a2200000 a 4500
001 vtls000092352
003 SK-MaSNL
005 20260304020017.0
008 111103c1981 xo 0 slo
015 |a SNBRB19rr/mm-uuuuu 
035 |a CL0102455 
040 |a SNKBUCL  |b slo  |c SNKBUCL  |e AACR2 
041 0 |a slo 
044 |a xo  |c SK 
080 |a 633.1  |2 1981 
080 |a 631.5  |2 1981 
080 |a 394  |2 1981 
100 1 |a Majling, Vojtech,  |d 1938-2021  |4 aut  |9 250738 
245 1 0 |a Čas nového chleba  |c Vojtech Majling 
300 |b Obr. 4. 
650 0 7 |a zvyky ľudové  |2 snkbucl  |9 553737 
650 0 7 |a dožinky  |2 snkbucl  |9 30857 
650 0 7 |a žatva  |2 snkbucl  |9 54484 
655 7 |a články z novín a časopisov  |2 snkbucl  |9 267496 
773 0 |t Život  |g Roč. 31, č. 28 (1981), s. 62-63 
850 |a Slovenská národná knižnica v Martine  |a MTA001 
852 |a SNK  |b KIS3GCP 
958 |a RK 
992 |a RBX 
999 |c 2595939  |d 2597869